The Impossible Quiz - Statistics

General Stats
  • This quiz has been taken 15 times
  • The average score is 2 of 5
Answer Stats
Hint Answer % Correct
Squid: I had a dream about an azure sedecapodal squid named Billy. He had luxuriant eyebrows and a lugubrious tone. I was initially perplexed, but soon understood the pelagic creature to be giving me a math problem. It spoke:A + B + C = 21 3A - 2C + 2 = 10 40 - 2A + B = 21 2B + C = 37 What is A x B? ਸਹੀ
63%
Apples: I came across several bags of apples of varying size and a large machine labelled "Apple Converter". I threw a bag of one dozen apples into the machine, and a bag of six apples came out. I threw that bag of six back in, and three came out. I put that bag back in... and five apples came out! Curious! I experimented with more apples. My results are below.12 -> 6 -> 3 -> 5 -> 4 17 -> 9 -> 4 126 -> 19 -> 8 -> 5 I. How many apples came out when I gathered all the apples around and put in 2,467 apples? II. How many apples came out when I put in an empty bag (write out both answers consecutively please). उचितं
57%
City: Old G. Grandpa William’s legacy was puzzlin’. He was always making puzzles. Even his inheritance was a puzzle. He had converted his assets to bitcoin and locked it with a password. His will stated that the password was the answer to a geography question. What is the largest city in the world whose letters are in alphabetical order? صحيح
56%
Fish home: Ten other quiz enthusiasts and I were guests at Jeppy's house the other day. He had a shelf with seventeen medals for his successes in quiz-related endeavours. He had set out various food items for us, quite the assortment in fact. There must have been eleven grapes, three radishes (or four depending on what you count as a radish), and even a big ol' yam. As we politely shared the meal, I counted how many turnips there were, and multiplied that number by the number of seashells that adorned Jeppy's walls. What number did I get? නිවැරදි
50%
Cipher Code: A single sheet of paper sat, with only one line typed out, on my pawpaw's old typewriter. Old William must have left another one of his famous puzzles. The message was more than a little byzantine. "You dqh yqf3 5y8w 2446fu4r ;ittlw rtoqeriter/ ;ove, Pawpaw." Knowing old grandpa William, it was probably some sort of cipher code. I deduced the code, appreciating old William's message. What was the secret message? সঠিক
50%
Password: My late great grandfather, William Notburgh, left behind a World of Warcraft account with the username "GGrandpa". Liking a good mystery, he left behind one puzzling clue to help us log into his account. A Manila envelope labelled "Full Username" sat on the keyboard. A slip of paper inside read "the big red will run amok". What is the password? درست
38%
No matching quizzes found
Score Distribution
Percent of People with Each Score
Percentile by Number Answered
Your Score History
You have not taken this quiz